004390000a22001450004500060000800000082001800008100001300026245005300039260002900092260000900121300000800130490005100138490004400189650006000233 a100 a633.729 7 DAS aDas, G M aPests of tea North- East India and their control aTea Research Association c1965 a115 aNo.27cTocklai experimental station memorandum aTocklai experimental station memorandum aPests- Tea/ Tea -North East India/ Control- Pests- Tea/